After Eden : the secularization of American space in the fiction of Willa Cather and Theodore Dreiser /

Bibliographic Details
Main Author: Ostwalt, Conrad Eugene, 1959-
Format: Book
Language:English
Published: Lewisburg [Pa.] : London : Bucknell University Press ; Associated University Presses, [1990]
Subjects:

MARC

Tag First Indicator Second Indicator Subfields
LEADER 00000cam a22000008a 4500
001 in00000923398
005 20150924163030.0
008 890119s1990 pau b 00110 eng
010 |a  89042505  
020 |a 0838751687 (alk. paper) 
035 |a (OCoLC)20722052 
035 |9 AEP6694AM 
040 |a DLC  |c DLC  |d TXA  |d UtOrBLW 
043 |a n-us--- 
049 |a TXAM  |c [A13087898] 
050 0 0 |a PS374.S73  |b O8 1990 
082 0 0 |a 813/.5209384  |2 20 
100 1 |a Ostwalt, Conrad Eugene,  |d 1959- 
245 1 0 |a After Eden :  |b the secularization of American space in the fiction of Willa Cather and Theodore Dreiser /  |c Conrad Eugene Ostwalt, Jr. 
263 |a 9007 
264 1 |a Lewisburg [Pa.] :  |b Bucknell University Press ;  |a London :  |b Associated University Presses,  |c [1990] 
264 4 |c ©1990 
300 |a 160 pages 
336 |a text  |b txt  |2 rdacontent 
337 |a unmediated  |b n  |2 rdamedia 
338 |a volume  |b nc  |2 rdacarrier 
504 |a Includes bibliographical references and index. 
650 0 |a American fiction  |y 20th century  |x History and criticism. 
650 0 |a Space and time in literature. 
600 1 0 |a Cather, Willa,  |d 1873-1947  |x Criticism and interpretation. 
600 1 0 |a Dreiser, Theodore,  |d 1871-1945  |x Criticism and interpretation. 
650 0 |a Secularism in literature. 
650 0 |a Religion and literature. 
650 0 |a Setting (Literature) 
999 |a MARS 
999 f f |s 8d4e4805-4419-33f8-9086-a6059cb90823  |i 42ab2557-971d-3210-99f5-cb435b25f49b  |t 0 
952 f f |p ric  |a Texas A&M University  |b Rellis Campus  |c Joint Library Facility  |d Remote Storage  |t 0  |e PS374.S73 O8 1990  |h Library of Congress classification  |i unmediated -- volume  |m A14813087898 
998 f f |a PS374.S73 O8 1990  |t 0  |l Remote Storage